000 00343nam a2200121Ia 4500
008 240731s9999 xx 000 0 und d
022 _a1751-9721
245 4 _aThe International Spectator : Italian Journal of International Affairs
260 _bRoutledge
856 _uhttps://www.tandfonline.com/loi/rspe20
942 _2ddc
942 _cTFEJ
999 _c79951
_d79951
945 _a1
_bMadushi Gamage
_c1
_dMadushi Gamage